000 00434nam a22001577a 4500
999 _c3280
_d3280
008 200326b ||||| |||| 00| 0 eng d
020 _a0582013267
082 0 0 _a621.3
_bH8931
100 _950
_aHughes, Edward
245 1 0 _aHughes Electrical Technology /
_cby Edward Hughes
250 _a6th ed.
260 _aLondon
_bEnglish Language Book Society
_c1977
300 _axviii, 710 p.
650 0 _aElectrical Engineering
942 _cBK